[Event "BL 2223 (Women)"]
[Site "Germany"]
[Date "2023.02.19"]
[Round "6.1"]
[White "Paulet, Iozefina"]
[Black "Antolak, Julia"]
[Result "1/2-1/2"]
[WhiteElo "2312"]
[BlackElo "2315"]
[PlyCount "107"]
[EventDate "2022.10.15"]
[EventType "team-tourn"]
[EventRounds "11"]
[EventCountry "GER"]
[SourceTitle "CBM 213 Extra"]
[Source "ChessBase"]
[SourceDate "2023.05.31"]
[SourceVersion "1"]
[SourceVersionDate "2023.05.31"]
[SourceQuality "1"]
[WhiteTeam "Hemer (W)"]
[BlackTeam "Harksheide (W)"]
[WhiteTeamCountry "GER"]
[BlackTeamCountry "GER"]

1. e4 c5 2. Nf3 d6 3. b3 g6 4. Bb2 e5 5. Bc4 Bg7 6. 0-0 h6 7. c3 Ne7 8. d4 exd4 9. cxd4 0-0 10. Qc1 Bg4 11. Nbd2 Nd7 12. d5 Bxb2 13. Qxb2 Bxf3 14. Nxf3 g5 15. e5 Nxe5 16. Nxe5 dxe5 17. Qxe5 Ng6 18. Qe3 Qd6 19. Rad1 Rfe8 20. Qg3 Rad8 21. a4 Re5 22. f4 gxf4 23. Qh3 Kg7 24. Qc3 f6 25. Rd3 Rde8 26. Rdf3 Re3 27. Qd2 R8e5 28. R3f2 b6 29. Qd1 Rg5 30. Kh1 Ree5 31. a5 b5 32. Bxb5 Rxd5 33. Qf3 Rge5 34. Bc4 Rd2 35. Qa8 Ne7 36. Rxf4 Rd1 37. Rxf6 Qxf6 38. Rxd1 Qf2 39. Qf3 Re1+ 40. Rxe1 Qxe1+ 41. Qf1 Qxf1+ 42. Bxf1 a6 43. Bxa6 Nc6 44. Bc4 Nxa5 45. g4 h5 46. h3 Kf6 47. Kg2 Kg5 48. Kg3 hxg4 49. hxg4 Nc6 50. Bd5 Nd4 51. Bc4 Nc6 52. Bg8 Nd4 53. Bd5 Ne2+ 54. Kf3 1/2-1/2

[Event "Online Olym Div2 C"]
[Site "Chess.com INT"]
[Date "2020.08.16"]
[Round "8.4"]
[White "Paulet, Iozefina"]
[Black "Bejatovic, Bojana"]
[Result "1-0"]
[WhiteElo "2308"]
[BlackElo "2031"]
[PlyCount "63"]
[EventDate "2020.08.14"]
[EventType "team-tourn (rapid)"]
[EventRounds "9"]
[EventCountry "USA"]
[SourceTitle "CBM 198"]
[Source "ChessBase"]
[SourceDate "2020.10.31"]
[SourceVersion "1"]
[SourceVersionDate "2020.10.31"]
[SourceQuality "1"]
[WhiteTeam "Netherlands"]
[BlackTeam "Macedonia"]
[WhiteTeamCountry "NED"]
[BlackTeamCountry "MKD"]

1. e4 c5 2. Nf3 e6 3. b3 Nc6 4. Bb2 d6 5. Bd3 e5 6. 0-0 Nge7 7. Re1 g6 8. c3 Bg7 9. Bc4 0-0 10. d4 Qc7 11. h3 a6 12. a4 Rb8 13. Na3 Bd7 14. Nc2 Na5 15. Ne3 Nxc4 16. bxc4 f5 17. dxe5 dxe5 18. Nd5 Qd6 19. Ba3 fxe4 20. Ng5 Nxd5 21. Nxe4 Qc6 22. cxd5 Qxa4 23. Qxa4 Bxa4 24. Bxc5 Bb3 25. Bxf8 Kxf8 26. d6 Ke8 27. Nc5 Bc4 28. f4 b6 29. Nxa6 Bxa6 30. Rxa6 Rb7 31. fxe5 Kd7 32. Ra8 1-0

[Event "Online Olym Div2 C"]
[Site "Chess.com INT"]
[Date "2020.08.16"]
[Round "7.4"]
[White "Shabanaj, Alda"]
[Black "Paulet, Iozefina"]
[Result "0-1"]
[WhiteElo "1841"]
[BlackElo "2308"]
[PlyCount "90"]
[EventDate "2020.08.14"]
[EventType "team-tourn (rapid)"]
[EventRounds "9"]
[EventCountry "USA"]
[SourceTitle "CBM 198"]
[Source "ChessBase"]
[SourceDate "2020.10.31"]
[SourceVersion "1"]
[SourceVersionDate "2020.10.31"]
[SourceQuality "1"]
[WhiteTeam "Albania"]
[BlackTeam "Netherlands"]
[WhiteTeamCountry "ALB"]
[BlackTeamCountry "NED"]

1. d4 Nf6 2. c4 e6 3. Nf3 Bb4+ 4. Bd2 a5 5. a3 Be7 6. Nc3 0-0 7. e4 b6 8. Bd3 Bb7 9. Qc2 g6 10. e5 Ne8 11. Be4 Bxe4 12. Qxe4 c6 13. Bh6 Ng7 14. h4 d5 15. exd6 Qxd6 16. Bxg7 Kxg7 17. h5 Nd7 18. hxg6 hxg6 19. 0-0-0 Nf6 20. Qe5 Qxe5 21. Nxe5 Rac8 22. g4 b5 23. c5 b4 24. axb4 axb4 25. g5 bxc3 26. gxf6+ Bxf6 27. bxc3 Bxe5 28. dxe5 Rfd8 29. Kc2 Rd5 30. Rxd5 cxd5 31. Kd3 Rxc5 32. Ra1 Rc4 33. Rf1 g5 34. Rh1 Re4 35. Rg1 Kg6 36. f3 Rxe5 37. f4 Rf5 38. fxg5 Rxg5 39. Rh1 Rg4 40. Rh8 f5 41. Rf8 Kg7 42. Re8 Kf6 43. Rf8+ Ke5 44. Re8 Rg3+ 45. Kd2 f4 0-1

[Event "Online Olym Div2 C"]
[Site "Chess.com INT"]
[Date "2020.08.15"]
[Round "4.4"]
[White "Paulet, Iozefina"]
[Black "Alattar, Ghayda M"]
[Result "1-0"]
[WhiteElo "2308"]
[BlackElo "1909"]
[PlyCount "81"]
[EventDate "2020.08.14"]
[EventType "team-tourn (rapid)"]
[EventRounds "9"]
[EventCountry "USA"]
[SourceTitle "CBM 198"]
[Source "ChessBase"]
[SourceDate "2020.10.31"]
[SourceVersion "1"]
[SourceVersionDate "2020.10.31"]
[SourceQuality "1"]
[WhiteTeam "Netherlands"]
[BlackTeam "Jordan"]
[WhiteTeamCountry "NED"]
[BlackTeamCountry "JOR"]

1. e4 d6 2. d4 Nf6 3. Nc3 g6 4. Be3 c6 5. Nf3 Bg7 6. h3 Nbd7 7. Qd2 0-0 8. Bd3 e5 9. dxe5 dxe5 10. 0-0 Qc7 11. a4 b6 12. a5 b5 13. Ne2 Ba6 14. Ng3 c5 15. Bh6 c4 16. Be2 Rfe8 17. Bxg7 Kxg7 18. Nh4 Qc6 19. Qg5 Kh8 20. Rad1 Rad8 21. Bg4 Nxg4 22. hxg4 Qf6 23. Qh6 Qf4 24. g5 Nc5 25. Nh5 gxh5 26. Nf5 Ne6 27. Qf6+ Kg8 28. Nh6+ Kf8 29. Qh8+ Ke7 30. Qxh7 Rd7 31. Nf5+ Kd8 32. Rxd7+ Kxd7 33. Qxf7+ Kd8 34. Rd1+ Nd4 35. Qd5+ Kc7 36. Qd6+ Kc8 37. Nxd4 Qxe4 38. Qxa6+ Kc7 39. Nxb5+ Kb8 40. Qxa7+ Kc8 41. Qc7# 1-0

[Event "Online Olym Div2 C"]
[Site "Chess.com INT"]
[Date "2020.08.15"]
[Round "5.4"]
[White "Pintor, Ariana Maciel Abran"]
[Black "Paulet, Iozefina"]
[Result "0-1"]
[WhiteElo "1903"]
[BlackElo "2308"]
[PlyCount "128"]
[EventDate "2020.08.14"]
[EventType "team-tourn (rapid)"]
[EventRounds "9"]
[EventCountry "USA"]
[SourceTitle "CBM 198"]
[Source "ChessBase"]
[SourceDate "2020.10.31"]
[SourceVersion "1"]
[SourceVersionDate "2020.10.31"]
[SourceQuality "1"]
[WhiteTeam "Portugal"]
[BlackTeam "Netherlands"]
[WhiteTeamCountry "POR"]
[BlackTeamCountry "NED"]

1. e4 e6 2. d4 d5 3. exd5 exd5 4. Bd3 Bd6 5. Nf3 Ne7 6. 0-0 Bg4 7. c3 Nbc6 8. Nbd2 Qd7 9. Qc2 0-0-0 10. b4 Kb8 11. Re1 f6 12. h3 Bf5 13. b5 Bxd3 14. Qxd3 Na5 15. Nb3 Nc4 16. a4 g5 17. Nc5 Bxc5 18. dxc5 Ng6 19. Nd4 Nf4 20. Bxf4 gxf4 21. c6 Qg7 22. Ne6 Qg8 23. Nxd8 Qxd8 24. cxb7 Rg8 25. Qf5 Ne5 26. Kh1 f3 27. gxf3 Kxb7 28. Rad1 Rg5 29. Qf4 Qd7 30. Kh2 Rf5 31. Qg3 Nxf3+ 32. Kh1 Rh5 33. Qxf3 Rxh3+ 34. Qxh3 Qxh3+ 35. Kg1 Qxc3 36. Rc1 Qb4 37. Ra1 Qg4+ 38. Kf1 f5 39. a5 f4 40. Ra4 Qh3+ 41. Ke2 Qb3 42. a6+ Kb6 43. Rxf4 Qxb5+ 44. Kf3 Kxa6 45. Rf6+ c6 46. Ra1+ Kb6 47. Rf8 Qd3+ 48. Kg2 Qe4+ 49. Kg1 a6 50. Rb8+ Ka7 51. Rf8 d4 52. Rf7+ Kb6 53. Rf8 Qg4+ 54. Kf1 d3 55. Rb1+ Kc5 56. Rc1+ Kb6 57. Rb1+ Kc7 58. Rf7+ Kd6 59. Rf6+ Kd5 60. f3 Qh3+ 61. Kg1 Qg3+ 62. Kf1 Qe5 63. Rh6 Qe2+ 64. Kg1 Qe3+ 0-1

[Event "EU-ch Online U2300 Final"]
[Site "Chess.com INT"]
[Date "2020.05.26"]
[Round "4"]
[White "Paulet, Iozefina"]
[Black "Papakonstantinou, Dimitrios"]
[Result "0-1"]
[WhiteElo "2300"]
[BlackElo "2250"]
[PlyCount "84"]
[EventDate "2020.05.26"]
[EventType "swiss"]
[EventRounds "8"]
[EventCountry "NET"]
[SourceTitle "CBM 196 Extra"]
[Source "ChessBase"]
[SourceDate "2020.07.31"]
[SourceVersion "1"]
[SourceVersionDate "2020.07.31"]
[SourceQuality "1"]

1. e4 e5 2. Nf3 Nc6 3. Bb5 a6 4. Ba4 Nf6 5. 0-0 b5 6. Bb3 Bc5 7. Re1 0-0 8. c3 d6 9. d4 Bb6 10. h3 h6 11. a4 Bb7 12. d5 Ne7 13. axb5 axb5 14. Rxa8 Bxa8 15. Qd3 c6 16. dxc6 Bxc6 17. Nbd2 Ng6 18. Bc2 Nf4 19. Qf1 N6h5 20. Kh2 Bd7 21. Rd1 Be6 22. Bb3 Qa8 23. Bxe6 fxe6 24. g3 Ng6 25. Kg2 d5 26. exd5 exd5 27. Qxb5 Ba7 28. Nf1 d4 29. Qb3+ Kh8 30. cxd4 e4 31. Ne5 Nxe5 32. dxe5 Rxf2+ 33. Kh1 e3+ 34. Qd5 Rxf1+ 35. Kh2 Qxd5 36. Rxd5 Rxc1 37. e6 Nf6 38. Rd8+ Kh7 39. e7 e2 40. e8Q Nxe8 41. Rxe8 e1Q 42. Rxe1 Rxe1 0-1

[Event "EU-ch Online U2300 Qual"]
[Site "Chess.com INT"]
[Date "2020.05.25"]
[Round "1"]
[White "Paulet, Iozefina"]
[Black "Zenuni, Albert"]
[Result "1-0"]
[WhiteElo "2300"]
[BlackElo "1981"]
[PlyCount "91"]
[EventDate "2020.05.25"]
[EventType "swiss"]
[EventRounds "8"]
[EventCountry "NET"]
[SourceTitle "EXT 2021"]
[Source "ChessBase"]
[SourceDate "2020.10.23"]
[SourceVersion "1"]
[SourceVersionDate "2020.10.23"]
[SourceQuality "1"]

1. e4 c5 2. Nf3 d6 3. d4 cxd4 4. Nxd4 Nc6 5. Nc3 a6 6. Be3 e5 7. Nb3 Nf6 8. Be2 Be6 9. 0-0 Be7 10. Bf3 0-0 11. a4 Rc8 12. a5 Nd7 13. Nd5 f5 14. exf5 Bxf5 15. Bg4 Nc5 16. Nxc5 dxc5 17. Nxe7+ Qxe7 18. Qd5+ Qf7 19. Qxf7+ Rxf7 20. Bxf5 Rxf5 21. Bxc5 Nd4 22. Bxd4 exd4 23. g4 Rg5 24. f3 Rxc2 25. Rf2 Rcc5 26. Rd2 Rxa5 27. Rxa5 Rxa5 28. Rxd4 Rb5 29. Rd2 Rb3 30. Kf2 a5 31. Ke2 b5 32. f4 a4 33. Kd1 Rb4 34. Rf2 Kf7 35. Kc2 Kf6 36. Kc3 Rc4+ 37. Kd3 h5 38. gxh5 Rb4 39. Kc3 Rb3+ 40. Kd4 Kf5 41. Kc5 Kg4 42. h6 gxh6 43. f5 a3 44. bxa3 Rxa3 45. f6 Kg5 46. f7 1-0

[Event "NED-chT 1920"]
[Site "Netherlands"]
[Date "2020.03.07"]
[Round "6.9"]
[White "Van Delft, Merijn"]
[Black "Paulet, Iozefina"]
[Result "1-0"]
[WhiteElo "2348"]
[BlackElo "2294"]
[PlyCount "81"]
[EventDate "2019.09.28"]
[EventType "team-tourn"]
[EventRounds "9"]
[EventCountry "NED"]
[SourceTitle "CBM 195 Extra"]
[Source "ChessBase"]
[SourceDate "2020.05.31"]
[SourceVersion "1"]
[SourceVersionDate "2020.05.31"]
[SourceQuality "1"]
[WhiteTeam "Apeldoorn MuConsult"]
[BlackTeam "Groningen Combinatie"]
[WhiteTeamCountry "NED"]
[BlackTeamCountry "NED"]

1. e4 c5 2. Nf3 d6 3. d4 cxd4 4. Nxd4 Nf6 5. Nc3 a6 6. h3 e6 7. g4 b5 8. Bg2 Bb7 9. 0-0 Qc7 10. Re1 Be7 11. g5 Nfd7 12. a4 bxa4 13. Rxa4 Nc6 14. Nf5 Nb6 15. Nd5 exd5 16. exd5 Ne5 17. Rb4 a5 18. Rb3 a4 19. Rc3 Qd7 20. Nxe7 Qxe7 21. f4 0-0 22. fxe5 Ra5 23. Rd3 Ba6 24. exd6 Qxd6 25. Rd4 Bb7 26. Bf4 Qc5 27. Kh2 Nd7 28. Qd2 Rb5 29. c3 Qb6 30. Re2 Nc5 31. Rb4 Rxb4 32. cxb4 Nb3 33. Qc3 Ba6 34. Re1 Qf2 35. Bg3 Qf5 36. Re5 Qg6 37. Qc6 f6 38. gxf6 gxf6 39. Re4 Bc8 40. Qxa4 Nc5 41. bxc5 1-0

[Event "Gibraltar Masters 18th"]
[Site "Caleta"]
[Date "2020.01.21"]
[Round "1"]
[White "Yuffa, Daniil"]
[Black "Paulet, Iozefina"]
[Result "1-0"]
[WhiteElo "2566"]
[BlackElo "2271"]
[PlyCount "81"]
[EventDate "2020.01.21"]
[EventType "swiss"]
[EventRounds "10"]
[EventCountry "GGB"]
[SourceTitle "CBM 194 Extra"]
[Source "ChessBase"]
[SourceDate "2020.03.31"]
[SourceVersion "1"]
[SourceVersionDate "2020.03.31"]
[SourceQuality "1"]

1. Nf3 Nf6 2. g3 e6 3. Bg2 d5 4. 0-0 Be7 5. d3 0-0 6. Nbd2 c5 7. e4 Nc6 8. Re1 Rb8 9. e5 Nd7 10. h4 b5 11. Nf1 b4 12. N1h2 a5 13. h5 a4 14. h6 g6 15. Ng4 Bb7 16. a3 bxa3 17. Rxa3 Nb6 18. Be3 d4 19. Bd2 Nb4 20. Qc1 Bxf3 21. Bxf3 N4d5 22. Bxd5 exd5 23. e6 f6 24. Ba5 Qe8 25. Qa1 g5 26. Bxb6 Rxb6 27. Rxa4 f5 28. Nh2 g4 29. Ra7 Kh8 30. Qa5 Rc6 31. Qb5 Bd6 32. e7 Rg8 33. Re6 f4 34. Nxg4 fxg3 35. f3 g2 36. Re2 Bf4 37. Qxc6 Qxc6 38. e8Q Be3+ 39. Rxe3 Rxe8 40. Nf6 Re7 41. Rexe7 1-0

[Event "NED-ch rapid (Women) 5th"]
[Site "Amstelveen"]
[Date "2019.12.01"]
[Round "6"]
[White "Keetman, Maaike"]
[Black "Paulet, Iozefina"]
[Result "1/2-1/2"]
[WhiteElo "2203"]
[BlackElo "2288"]
[PlyCount "51"]
[EventDate "2019.12.01"]
[EventType "tourn (rapid)"]
[EventRounds "7"]
[EventCountry "NED"]
[SourceTitle "CBM 193 Extra"]
[Source "ChessBase"]
[SourceDate "2020.01.31"]
[SourceVersion "1"]
[SourceVersionDate "2020.01.31"]
[SourceQuality "1"]

1. e4 e6 2. d4 d5 3. Nd2 Nf6 4. e5 Nfd7 5. f4 c5 6. c3 Nc6 7. Ndf3 Be7 8. g3 0-0 9. Bh3 cxd4 10. cxd4 Qb6 11. Kf1 f6 12. Kg2 Kh8 13. Ne2 fxe5 14. fxe5 Ncxe5 15. dxe5 Nxe5 16. Ned4 Ng6 17. Qb3 e5 18. Bxc8 Raxc8 19. Qxb6 axb6 20. Nb3 Rc2+ 21. Bd2 Rxb2 22. Rhb1 Rc2 23. Rc1 Rb2 24. Rcb1 Rc2 25. Rc1 Rb2 26. Rcb1 1/2-1/2

[Event "NED-ch rapid (Women) 5th"]
[Site "Amstelveen"]
[Date "2019.12.01"]
[Round "2"]
[White "Paulet, Iozefina"]
[Black "Peng, Zhaoqin"]
[Result "0-1"]
[WhiteElo "2288"]
[BlackElo "2364"]
[PlyCount "95"]
[EventDate "2019.12.01"]
[EventType "tourn (rapid)"]
[EventRounds "7"]
[EventCountry "NED"]
[SourceTitle "CBM 193 Extra"]
[Source "ChessBase"]
[SourceDate "2020.01.31"]
[SourceVersion "1"]
[SourceVersionDate "2020.01.31"]
[SourceQuality "1"]

1. e4 c6 2. d4 d5 3. exd5 cxd5 4. Bd3 Nc6 5. c3 Nf6 6. Ne2 Bg4 7. Bf4 e6 8. Na3 Bd6 9. Bxd6 Qxd6 10. 0-0 0-0 11. Qd2 Bxe2 12. Qxe2 a6 13. f4 Rfe8 14. Nc2 Ne7 15. Rf3 Qb6 16. Ne3 Nf5 17. Raf1 h5 18. Nd1 Rac8 19. Qe5 Ne4 20. Bxe4 f6 21. Bxf5 fxe5 22. Bg6 e4 23. Rh3 Rf8 24. Rxh5 Rf6 25. Bh7+ Kf7 26. g4 Rh6 27. Rxh6 gxh6 28. f5 Kg7 29. Bg6 e5 30. Ne3 exd4 31. Nxd5 Qxb2 32. Bh5 dxc3 33. f6+ Kf8 34. Ne7 c2 35. Ng6+ Kf7 36. Nf4+ Kxf6 37. Nd3+ Ke6 38. Nxb2 c1Q 39. Rxc1 Rxc1+ 40. Kf2 Rc2+ 41. Ke3 Rxb2 42. h4 Ke5 43. Bg6 Rxa2 44. Bxe4 Ra3+ 45. Bd3 b5 46. g5 hxg5 47. hxg5 Rxd3+ 48. Kxd3 0-1

[Event "NED-ch blitz 5th"]
[Site "Amstelveen"]
[Date "2019.11.30"]
[Round "19"]
[White "De Jager, Jaap"]
[Black "Paulet, Iozefina"]
[Result "0-1"]
[WhiteElo "2437"]
[BlackElo "2288"]
[PlyCount "81"]
[EventDate "2019.11.30"]
[EventType "swiss (blitz)"]
[EventRounds "30"]
[EventCountry "NED"]
[SourceTitle "CBM 193 Extra"]
[Source "ChessBase"]
[SourceDate "2020.01.31"]
[SourceVersion "1"]
[SourceVersionDate "2020.01.31"]
[SourceQuality "1"]

1. c4 e5 2. Nc3 Nc6 3. Nf3 d6 4. d4 exd4 5. Nxd4 Nxd4 6. Qxd4 Be6 7. b3 Be7 8. Bb2 Bf6 9. Qd2 Ne7 10. Rd1 0-0 11. g3 a6 12. Bg2 Rb8 13. a4 Qd7 14. h3 Nc8 15. Nd5 Bxb2 16. Qxb2 c6 17. Nf4 b5 18. axb5 axb5 19. c5 d5 20. Nxe6 fxe6 21. 0-0 Qe7 22. b4 e5 23. e3 e4 24. Ra1 Qf7 25. f3 exf3 26. Rxf3 Qe8 27. Rxf8+ Qxf8 28. Qe5 Ne7 29. Rf1 Qe8 30. e4 dxe4 31. Bxe4 Nd5 32. Bxd5+ cxd5 33. Qxd5+ Kh8 34. c6 Rd8 35. Qc5 Rc8 36. c7 h6 37. Rd1 Kh7 38. Rc1 Qe4 39. Qc2 Qxc2 40. Rxc2 Kg6 41. Rc5 0-1

[Event "NED-ch blitz 5th"]
[Site "Amstelveen"]
[Date "2019.11.30"]
[Round "22"]
[White "Paulet, Iozefina"]
[Black "Bosboom, Manuel"]
[Result "0-1"]
[WhiteElo "2288"]
[BlackElo "2410"]
[PlyCount "78"]
[EventDate "2019.11.30"]
[EventType "swiss (blitz)"]
[EventRounds "30"]
[EventCountry "NED"]
[SourceTitle "CBM 193 Extra"]
[Source "ChessBase"]
[SourceDate "2020.01.31"]
[SourceVersion "1"]
[SourceVersionDate "2020.01.31"]
[SourceQuality "1"]

1. e4 c5 2. Nf3 e6 3. b3 b6 4. Bd3 Bb7 5. 0-0 g5 6. Bb2 Nf6 7. Nxg5 Rg8 8. f4 h6 9. Nf3 Nxe4 10. Qe2 Nf6 11. f5 Nc6 12. fxe6 dxe6 13. Na3 Nd5 14. Ne1 Bg7 15. Bxg7 Rxg7 16. Nc4 Qc7 17. Ne3 Nf4 18. Qf3 Nxd3 19. Nxd3 0-0-0 20. Qf4 Nd4 21. Qxc7+ Kxc7 22. Ne5 f5 23. c3 Ne2+ 24. Kf2 Rxd2 25. Rad1 Rxa2 26. Ra1 Nxc3+ 27. Rxa2 Nxa2 28. Ra1 Nb4 29. Rxa7 f4 30. N3g4 h5 31. Nf6 Rxg2+ 32. Kf1 Rxh2 33. Ne8+ Kb8 34. Ra3 Nc2 35. Nd7+ Kc8 36. Nxb6+ Kd8 37. Ra7 Ne3+ 38. Ke1 f3 39. Rxb7 Re2# 0-1

[Event "EU-chT (Women) 22nd"]
[Site "Batumi"]
[Date "2019.10.31"]
[Round "7.3"]
[White "Paulet, Iozefina"]
[Black "Longson, Sarah N"]
[Result "1-0"]
[WhiteElo "2288"]
[BlackElo "2073"]
[PlyCount "51"]
[EventDate "2019.10.24"]
[EventType "team-swiss"]
[EventRounds "9"]
[EventCountry "GEO"]
[SourceTitle "CBM 192 Extra"]
[Source "Chessbase"]
[SourceDate "2019.11.06"]
[SourceVersion "1"]
[SourceVersionDate "2019.11.06"]
[SourceQuality "1"]
[WhiteTeam "Netherlands (W)"]
[BlackTeam "England (W)"]
[WhiteTeamCountry "NED"]
[BlackTeamCountry "ENG"]

1. e4 e5 2. Nf3 Nc6 3. Bb5 Nf6 4. 0-0 a6 5. Ba4 b5 6. Bb3 Bc5 7. a4 Rb8 8. Nxe5 Nxe5 9. d4 Bxd4 10. Qxd4 d6 11. f4 Nc6 12. Qc3 Bb7 13. e5 Ne4 14. Qe3 d5 15. Nd2 Nxd2 16. Bxd2 Ne7 17. f5 d4 18. Qg5 Bd5 19. f6 Ng6 20. fxg7 Rg8 21. Qh6 Bxb3 22. Qxh7 Kd7 23. cxb3 Qe7 24. Rae1 Nxe5 25. Qf5+ Kd6 26. Bb4+ 1-0

[Event "EU-chT (Women) 22nd"]
[Site "Batumi"]
[Date "2019.10.25"]
[Round "2.6"]
[White "Peptan, Corina Isabela"]
[Black "Paulet, Iozefina"]
[Result "1-0"]
[WhiteElo "2371"]
[BlackElo "2288"]
[PlyCount "113"]
[EventDate "2019.10.24"]
[EventType "team-swiss"]
[EventRounds "9"]
[EventCountry "GEO"]
[SourceTitle "CBM 192 Extra"]
[Source "Chessbase"]
[SourceDate "2019.11.06"]
[SourceVersion "1"]
[SourceVersionDate "2019.11.06"]
[SourceQuality "1"]
[WhiteTeam "Romania (W)"]
[BlackTeam "Netherlands (W)"]
[WhiteTeamCountry "ROU"]
[BlackTeamCountry "NED"]

1. Nf3 Nf6 2. g3 b6 3. Bg2 Bb7 4. d4 e6 5. c4 Bb4+ 6. Bd2 a5 7. 0-0 Bxd2 8. Qxd2 d6 9. Nc3 0-0 10. Qc2 Nbd7 11. Rfd1 c6 12. Rac1 Rc8 13. e4 Qc7 14. Rd2 Qb8 15. Qd1 b5 16. e5 dxe5 17. dxe5 Nxe5 18. Nxe5 Qxe5 19. cxb5 Nd5 20. bxc6 Rxc6 21. Nxd5 exd5 22. Rxc6 Bxc6 23. b3 Rd8 24. h4 g6 25. Kh2 h5 26. Qc1 Qf6 27. Qc5 a4 28. bxa4 Bxa4 29. Rxd5 Rxd5 30. Bxd5 Qf5 31. Qd4 Qd7 32. Qe4 Kg7 33. Qe5+ Kg8 34. Qb8+ Kg7 35. Qb2+ Kg8 36. Qb7 Qf5 37. Kg1 Bd7 38. Qb3 Kg7 39. Qc3+ Kg8 40. Qf3 Qb1+ 41. Kh2 Be8 42. Qe4 Qxe4 43. Bxe4 Kg7 44. Kg2 Kf6 45. f4 Ke6 46. Kf3 Kd6 47. Ke3 Kc5 48. f5 gxf5 49. Bxf5 Kd6 50. Kf4 f6 51. Bc2 Ke7 52. a4 Kf7 53. a5 Bb5 54. Ke3 Ke6 55. Bd3 Bc6 56. a6 Ke5 57. a7 1-0

[Event "NED-chT 1920"]
[Site "Netherlands"]
[Date "2019.09.28"]
[Round "1.8"]
[White "Paulet, Iozefina"]
[Black "De Jong, Jan Willem"]
[Result "0-1"]
[WhiteElo "2294"]
[BlackElo "2443"]
[PlyCount "152"]
[EventDate "2019.09.28"]
[EventType "team-tourn"]
[EventRounds "9"]
[EventCountry "NED"]
[SourceTitle "CBM 193 Extra"]
[Source "ChessBase"]
[SourceDate "2020.01.31"]
[SourceVersion "1"]
[SourceVersionDate "2020.01.31"]
[SourceQuality "1"]
[WhiteTeam "Groningen Combinatie"]
[BlackTeam "Leiden LSG"]
[WhiteTeamCountry "NED"]
[BlackTeamCountry "NED"]

1. e4 e5 2. Nf3 Nc6 3. Bc4 Nf6 4. d3 Bc5 5. 0-0 0-0 6. Re1 h6 7. c3 d6 8. h3 a6 9. b4 Ba7 10. Bb3 Nh5 11. Nbd2 Qf6 12. Nf1 Be6 13. Be3 Nf4 14. Bxf4 Qxf4 15. Ne3 Ne7 16. Bc2 Qf6 17. d4 Rad8 18. Kh2 g6 19. Qd2 Qf4+ 20. Kg1 Bxh3 21. Nf5 Bxf5 22. Qxf4 exf4 23. exf5 Rfe8 24. fxg6 Nxg6 25. Rxe8+ Rxe8 26. Re1 Kf8 27. Rxe8+ Kxe8 28. Be4 c6 29. Ne1 d5 30. Bf5 Ne7 31. Bg4 Bb8 32. Nd3 b6 33. Kf1 Ng8 34. Bc8 a5 35. bxa5 bxa5 36. Nc5 Ne7 37. Bd7+ Kd8 38. Bg4 Bc7 39. Bh5 Ke8 40. Bd1 Bd6 41. Nb7 Bc7 42. Nc5 Bb6 43. Nd3 Ng6 44. Bh5 Bc7 45. Nc5 Ke7 46. Bg4 Kd6 47. f3 Bb6 48. Na4 Ba7 49. Ke2 c5 50. Kd3 c4+ 51. Kc2 Nh4 52. Bh3 f5 53. Nb2 Ke6 54. Na4 h5 55. Kb2 Kd6 56. Kc2 Kc6 57. Nb2 Bb8 58. Kd2 Kb5 59. a4+ Kc6 60. Ke2 Kd7 61. Nd1 Ke6 62. Nf2 Kf6 63. Nh1 Ng6 64. Kf2 Kg5 65. Ke2 Bd6 66. Ke1 Nf8 67. Kf2 Nd7 68. g3 fxg3+ 69. Nxg3 Bxg3+ 70. Kxg3 h4+ 71. Kf2 Kf4 72. Ke2 Nb6 73. Kd2 Nxa4 74. Kc2 Nb6 75. Kb2 Kg3 76. Bxf5 h3 0-1

[Event "Bucharest Kings blitz (Women) 12th"]
[Site "Bucharest"]
[Date "2018.11.21"]
[Round "3"]
[White "Foisor, Sabina Francesca"]
[Black "Paulet, Iozefina"]
[Result "1/2-1/2"]
[WhiteElo "2264"]
[BlackElo "2281"]
[PlyCount "97"]
[EventDate "2018.11.21"]
[EventType "tourn (blitz)"]
[EventRounds "12"]
[EventCountry "ROU"]
[EventCategory "3"]
[SourceTitle "CBM 187 Extra"]
[Source "ChessBase"]
[SourceDate "2018.11.04"]
[SourceVersion "1"]
[SourceVersionDate "2018.11.04"]
[SourceQuality "1"]

1. d4 Nf6 2. Nf3 c5 3. d5 e6 4. c4 exd5 5. cxd5 d6 6. Nc3 g6 7. Nd2 Bg7 8. e4 0-0 9. Be2 a6 10. a4 Re8 11. 0-0 Nbd7 12. Qc2 Ne5 13. f4 Neg4 14. Nc4 Rb8 15. h3 b5 16. axb5 axb5 17. Nxd6 Qxd6 18. hxg4 Nxg4 19. Bxb5 Bd4+ 20. Kh1 Qe7 21. g3 Bd7 22. Ra7 Rbd8 23. Bxd7 Rxd7 24. Rxd7 Qxd7 25. Kg2 Nf6 26. Bd2 Nxe4 27. Nxe4 Qxd5 28. Re1 f5 29. Kf3 Rxe4 30. Rxe4 fxe4+ 31. Qxe4 Qxe4+ 32. Kxe4 Bxb2 33. Kd5 Bd4 34. Ba5 Bf2 35. g4 Kf7 36. Bb6 Kf6 37. Bd8+ Kf7 38. Ke5 Bg3 39. Bb6 c4 40. Ba5 g5 41. Kd4 gxf4 42. Kxc4 Kg6 43. Bd8 Bf2 44. Kd3 Be3 45. Ke4 Bc1 46. Kf3 Kf7 47. Bg5 Kg6 48. Bxf4 Bxf4 49. Ke4 1/2-1/2

[Event "Bucharest Kings blitz (Women) 12th"]
[Site "Bucharest"]
[Date "2018.11.21"]
[Round "9"]
[White "Foisor, Sabina Francesca"]
[Black "Paulet, Iozefina"]
[Result "1-0"]
[WhiteElo "2264"]
[BlackElo "2281"]
[PlyCount "51"]
[EventDate "2018.11.21"]
[EventType "tourn (blitz)"]
[EventRounds "12"]
[EventCountry "ROU"]
[EventCategory "3"]
[SourceTitle "CBM 187 Extra"]
[Source "ChessBase"]
[SourceDate "2018.11.04"]
[SourceVersion "1"]
[SourceVersionDate "2018.11.04"]
[SourceQuality "1"]

1. Nf3 Nf6 2. d4 c5 3. c3 cxd4 4. cxd4 d6 5. Nc3 e6 6. g3 b6 7. Bg2 Bb7 8. 0-0 Nbd7 9. Re1 Be7 10. e4 0-0 11. Bf4 a6 12. Rc1 b5 13. e5 dxe5 14. dxe5 Ne8 15. Qe2 Nb6 16. Red1 Qb8 17. b3 Nd5 18. Nxd5 Bxd5 19. h4 Qb7 20. Ne1 Bxg2 21. Nxg2 Nc7 22. Rd7 Bd8 23. Bg5 f6 24. exf6 gxf6 25. Bh6 Rf7 26. Qg4+ 1-0